La sociología de Karl Mannheim
Uloženo v:
| Hlavní autor: | |
|---|---|
| Médium: | Kniha |
| Jazyk: | španělština |
| Vydáno: |
Ciudad de México
Fondo de Cultura Económica
1982
|
| Edice: | Breviarios del Fondo de Cultura Económica, 292
|
| Témata: | |
| Tagy: |
Přidat tag
Žádné tagy, Buďte první, kdo vytvoří štítek k tomuto záznamu!
|
MARC
| LEADER | 00000nam a2200000 a 4500 | ||
|---|---|---|---|
| 001 | UCW4213 | ||
| 003 | CL-VaPUC | ||
| 005 | 20210723154826.0 | ||
| 008 | 891031e19820000MX |||||||||||||||||spa|d | ||
| 999 | |c 217992 |d 217990 | ||
| 040 | |c Pontificia Universidad Católica de Valparaíso | ||
| 082 | 0 | 4 | |a 301 |b REM |2 21 |
| 100 | 0 | |a Remmling, Gunter W |e author |9 308818 | |
| 245 | 1 | 3 | |a La sociología de Karl Mannheim |
| 260 | |a Ciudad de México |b Fondo de Cultura Económica |c 1982 | ||
| 300 | |a 405 p | ||
| 490 | 0 | |a Breviarios del Fondo de Cultura Económica, 292 | |
| 583 | |a last modification |c 19891031 00:00:00 |k Rodrigo Vera | ||
| 600 | |a Mannheim, Karl, |d 1893-1947 |9 862273 | ||
| 650 | 0 | |a Crítica e interpretación |9 255042 | |
| 942 | |c BK |2 ddc | ||
| 945 | |d 19891031 00:00:00 | ||
| 952 | |0 0 |1 0 |4 0 |6 301_000000000000000_REM_1982 |7 0 |8 A |9 206732 |a BIBEDU |b BIBEDU |d 2019-11-15 |i 2745763 |l 1 |m 1 |o 301 REM 1982 |p 2745763 |r 2024-04-16 |s 2024-04-02 |w 2019-11-15 |y BK |k EDU | ||
| 952 | |0 0 |1 0 |4 0 |6 301_000000000000000_REM_1982 |7 0 |8 A |9 206733 |a BIBHIS |b BIBHIS |d 2019-11-15 |i 1338552 |o 301 REM 1982 |p 1338552 |r 2025-01-20 |w 2019-11-15 |y BK |k HIS | ||